[Event "European Blitz 2022"]
[Site "Katowice POL"]
[Date "2022.12.16"]
[Round "4.28"]
[White "Bartel, Mateusz"]
[Black "Paprocki, Jaroslaw"]
[Result "1-0"]
[WhiteTitle "GM"]
[WhiteElo "2627"]
[BlackElo "2158"]
[WhiteFideId "1112635"]
[BlackFideId "1122274"]
[EventDate "2022.12.16"]

1. Nf3 Nf6 2. d4 d5 3. c4 c6 4. Nbd2 e6 5. g3 Nbd7 6. Bg2 b6 7. O-O Be7 8. Qc2
O-O 9. e4 Ba6 10. Rd1 Rc8 11. e5 Ne8 12. h4 g6 13. b3 Ng7 14. Nf1 Bb7 15. Bg5
Re8 16. Ne3 h5 17. Rac1 a5 18. Qb2 Rc7 19. Rc2 Nf8 20. Rdc1 Rd7 21. cxd5 exd5
22. Rxc6 Bxc6 23. Rxc6 Nfe6 24. Bxe7 Rexe7 25. Ne1 b5 26. Nd3 Nc7 27. Nc5 Nge6
28. Nxd7 Qxd7 29. Rd6 Qc8 30. Bxd5 Kg7 31. Bxe6 fxe6 32. d5 exd5 33. Nxd5 Nxd5 1-0

[Event "European Blitz 2022"]
[Site "Katowice POL"]
[Date "2022.12.16"]
[Round "4.29"]
[White "Grzesik, Gracjan"]
[Black "Vogel, Roven"]
[Result "0-1"]
[BlackTitle "IM"]
[WhiteElo "2148"]
[BlackElo "2463"]
[WhiteFideId "1194593"]
[BlackFideId "12908088"]
[EventDate "2022.12.16"]

1. c4 e6 2. Nc3 d5 3. d4 Nf6 4. cxd5 exd5 5. Bg5 c6 6. e3 Be7 7. Bd3 h6 8. Bh4
O-O 9. Nge2 Ne8 10. Bxe7 Qxe7 11. Qc2 Nd6 12. O-O Qg5 13. Kh1 Nd7 14. Rae1 Nf6
15. Ng1 Bf5 16. Nf3 Qh5 17. Ne5 Bxd3 18. Qxd3 Ng4 19. Nxg4 Qxg4 20. f3 Qg5 21.
e4 dxe4 22. fxe4 Rad8 23. e5 Nc8 24. Ne4 Qxe5 25. Nf6+ Qxf6 26. Rxf6 gxf6 27.
Qg3+ Kh7 28. Qf4 Kg7 29. Re3 Rd5 30. Rh3 Rg5 31. Rf3 Rg6 32. h4 Ne7 33. h5 Nd5
34. Qh4 Rg5 35. Rg3 Re8 36. Rxg5+ fxg5 37. Qf2 Re4 38. Kg1 a5 39. Qd2 a4 40. b3
axb3 41. axb3 Re3 42. b4 Rb3 43. Qe1 Rxb4 44. Qe5+ Nf6 45. Kf1 Rb5 46. Qe3 Nxh5
47. Kg1 Nf6 48. Qc3 Rb1+ 49. Kh2 Nd5 50. Qc5 Re1 51. Qd6 Re6 52. Qd7 Re7 53. Qd6
Re6 54. Qd7 b5 55. Kg1 b4 56. Qb7 h5 57. Kh2 h4 58. Kg1 Nf4 59. Qxb4 Re2 60. Qc5
Rxg2+ 61. Kh1 h3 62. d5 Ne2 63. dxc6 Ng3# 0-1

[Event "European Blitz 2022"]
[Site "Katowice POL"]
[Date "2022.12.16"]
[Round "4.31"]
[White "Krainski, Aleksander"]
[Black "Azarov, Sergei"]
[Result "0-1"]
[WhiteTitle "FM"]
[BlackTitle "GM"]
[WhiteElo "2046"]
[BlackElo "2562"]
[WhiteFideId "1102400"]
[BlackFideId "13501470"]
[EventDate "2022.12.16"]

1. d4 Nf6 2. Nf3 e6 3. e3 b6 4. Be2 d5 5. O-O Be7 6. c4 Bb7 7. Nc3 O-O 8. cxd5
Nxd5 9. Qb3 Nd7 10. Rd1 c5 11. dxc5 Nxc5 12. Qc2 Qc8 13. Nxd5 Bxd5 14. b4 Ne4
15. Qb2 Nc3 16. Re1 Bf6 17. Nd4 Nxe2+ 18. Qxe2 Qb7 19. f3 e5 0-1

[Event "European Blitz 2022"]
[Site "Katowice POL"]
[Date "2022.12.16"]
[Round "4.33"]
[White "Rog, Bartlomiej"]
[Black "Pultinevicius, Paulius"]
[Result "0-1"]
[BlackTitle "GM"]
[WhiteElo "1969"]
[BlackElo "2561"]
[WhiteFideId "21857377"]
[BlackFideId "12809390"]
[EventDate "2022.12.16"]

1. e4 c6 2. d4 d5 3. Nc3 dxe4 4. Nxe4 Nf6 5. Nxf6+ exf6 6. c3 Bd6 7. Bd3 O-O 8.
Qc2 Re8+ 9. Ne2 h5 10. O-O h4 11. h3 Nd7 12. Bd2 Nf8 13. Rae1 Bc7 14. Qd1 Be6
15. Bf4 Ng6 16. Bxc7 Qxc7 17. f4 f5 18. Qc2 Qd7 19. Nc1 Rad8 20. Qf2 c5 21. Ne2
Bxa2 22. Ra1 Qe6 23. Bxf5 Qxf5 24. Rxa2 Qd3 25. Nc1 Qc4 26. dxc5 Re4 27. b3 Qxc3
28. Rxa7 Rxf4 29. Ne2 Rxf2 30. Nxc3 Rc2 31. Ne4 Re8 32. Re1 Kh8 33. Rxb7 f5 34.
b4 Nf4 35. b5 Rxe4 36. Rxe4 fxe4 37. c6 e3 38. Re7 Rc1+ 39. Kh2 e2 40. c7 Rxc7
41. Re8+ Kh7 42. Re4 Rc1 43. g3 hxg3+ 44. Kxg3 e1=Q+ 0-1

[Event "European Blitz 2022"]
[Site "Katowice POL"]
[Date "2022.12.16"]
[Round "4.34"]
[White "Drozdowski, Kacper"]
[Black "Sutbas, Batuhan"]
[Result "1-0"]
[WhiteTitle "IM"]
[WhiteElo "2448"]
[BlackElo "1705"]
[WhiteFideId "1136720"]
[BlackFideId "6390129"]
[EventDate "2022.12.16"]

1. e4 e5 2. Nf3 Nc6 3. Bc4 Nf6 4. d3 d5 5. exd5 Nxd5 6. O-O Be6 7. Ng5 Bc5 8.
Nxe6 fxe6 9. Nd2 O-O 10. Ne4 Bb6 11. Qg4 Nd4 12. c3 Nf5 13. Bg5 Qd7 14. Rae1 Rf7
15. b4 Raf8 16. Nc5 Bxc5 17. bxc5 h6 18. Bd2 Qa4 19. Rxe5 Rf6 20. Rxd5 Qc2 21.
Rxf5 Rxf5 22. Bxe6+ Kh8 23. Bxf5 Qxd2 24. Qg6 Kg8 25. Qh7+ Kf7 26. Bg6+ Kf6 27.
Be4 Qg5 28. g3 c6 29. d4 Rf7 30. Qg8 Qd2 31. Qd8+ Re7 32. Qf8+ Rf7 33. Qd6+ Kg5
34. Qg6# 1-0

[Event "European Blitz 2022"]
[Site "Katowice POL"]
[Date "2022.12.16"]
[Round "4.35"]
[White "Dzhuguryan, Tygran"]
[Black "Kosakowski, Jakub"]
[Result "1/2-1/2"]
[BlackTitle "IM"]
[WhiteElo "2134"]
[BlackElo "2475"]
[WhiteFideId "21872988"]
[BlackFideId "1185080"]
[EventDate "2022.12.16"]

1. d4 Nf6 2. c4 e6 3. Nf3 d5 4. cxd5 exd5 5. Nc3 Bb4 6. Bg5 h6 7. Bxf6 Qxf6 8.
a3 Bxc3+ 9. bxc3 O-O 10. e3 c5 11. Be2 Nc6 12. O-O c4 13. e4 dxe4 14. Nd2 Bf5
15. Nxc4 Rac8 16. Rb1 b6 17. Ne3 Na5 18. Nxf5 Qxf5 19. Bg4 Qd5 20. Bxc8 Rxc8 21.
Qc1 Nc4 22. a4 Nd6 23. f3 f6 24. Rb4 Re8 25. fxe4 Rxe4 26. Re1 Rg4 27. Qc2 Qg5
28. Qe2 Nf5 29. Rb5 Kh7 30. Qc2 Kg6 31. Re4 Rxe4 32. Qxe4 Qc1+ 33. Kf2 Qd2+ 34.
Kf1 Qd1+ 35. Kf2 Qd2+ 36. Kf1 Qd1+ 37. Kf2 Qd2+ 1/2-1/2

[Event "European Blitz 2022"]
[Site "Katowice POL"]
[Date "2022.12.16"]
[Round "4.36"]
[White "Alexakis, Dimitris"]
[Black "Panek, Bartosz"]
[Result "1-0"]
[WhiteTitle "IM"]
[BlackTitle "CM"]
[WhiteElo "2486"]
[BlackElo "2152"]
[WhiteFideId "4277023"]
[BlackFideId "1198220"]
[EventDate "2022.12.16"]

1. e4 c5 2. Nf3 e6 3. d4 cxd4 4. Nxd4 Bc5 5. Nb3 Bb6 6. a4 Nc6 7. Nc3 Nge7 8.
Be2 O-O 9. O-O f5 10. Be3 fxe4 11. Bxb6 Qxb6 12. a5 Qd8 13. Nxe4 d5 14. Nec5 Rb8
15. Bg4 Qd6 16. Qe2 e5 17. Rad1 b6 18. axb6 axb6 19. Bxc8 bxc5 20. Ba6 Nd4 21.
Nxd4 exd4 22. b3 Ng6 23. Bd3 Nf4 24. Qg4 Rbe8 25. Rfe1 Nxd3 26. cxd3 Re5 27. Qg3
Rfe8 28. Rxe5 Rxe5 29. Ra1 Qe7 30. Ra8+ Kf7 31. h4 Re6 32. Qf3+ Rf6 33. Qxd5+
Kg6 34. Qg5+ Kf7 35. Qh5+ Rg6 36. g3 Qb7 37. Rd8 Qe7 38. Qd5+ Re6 39. Rd7 1-0

[Event "European Blitz 2022"]
[Site "Katowice POL"]
[Date "2022.12.16"]
[Round "4.37"]
[White "Sliwicki, Damian"]
[Black "Sebenik, Matej"]
[Result "0-1"]
[WhiteTitle "CM"]
[BlackTitle "GM"]
[WhiteElo "2158"]
[BlackElo "2538"]
[WhiteFideId "1127128"]
[BlackFideId "14602296"]
[EventDate "2022.12.16"]

1. e4 c5 2. Nf3 Nc6 3. Bb5 e6 4. O-O Nge7 5. Re1 Ng6 6. c3 a6 7. Bf1 Be7 8. d4
cxd4 9. cxd4 d5 10. Nc3 dxe4 11. Nxe4 O-O 12. Be3 b6 13. Rc1 Bb7 14. Ng3 Rc8 15.
Qb3 Na5 16. Qd3 Bxf3 17. gxf3 b5 18. b3 Nc6 19. Bg2 Nb4 20. Qb1 Nd5 21. Qe4 Qd7
22. f4 f5 23. Qf3 Nh4 24. Qe2 Nxg2 25. Kxg2 Bd6 26. Qf3 g6 27. Bd2 Rxc1 28. Rxc1
Rc8 29. Ne2 Rxc1 30. Nxc1 Qc6 31. Nd3 Qc2 32. Qe2 Kf7 33. Kg3 Nc3 34. Ne5+ Bxe5
35. Qxe5 Ne4+ 36. Kg2 Nxd2 37. Qh8 Qe4+ 38. Kg1 Nf3+ 39. Kf1 Qxd4 40. Qxh7+ Qg7
41. Qh3 Nd4 42. Qd3 Qf6 43. h4 Qd8 44. a4 Qd5 0-1

[Event "European Blitz 2022"]
[Site "Katowice POL"]
[Date "2022.12.16"]
[Round "4.38"]
[White "Sahidi, Samir"]
[Black "Rozman, Monika"]
[Result "1-0"]
[WhiteTitle "IM"]
[BlackTitle "WFM"]
[WhiteElo "2494"]
[BlackElo "2125"]
[WhiteFideId "14936372"]
[BlackFideId "14609118"]
[EventDate "2022.12.16"]

1. d4 d5 2. c4 c6 3. Nf3 Nf6 4. Nc3 dxc4 5. a4 Bf5 6. e3 e6 7. Bxc4 Bb4 8. O-O
O-O 9. Qb3 a5 10. Na2 Qe7 11. Nxb4 Qxb4 12. Qxb4 axb4 13. Bd2 Na6 14. Bxa6 bxa6
15. Bxb4 Rfb8 16. Bc3 Ne4 17. Rfc1 Rb3 18. Ne5 Rc8 19. f3 Nxc3 20. Rxc3 Rxc3 21.
bxc3 f6 22. Nd7 Bc2 23. Nc5 a5 24. Ra2 Bb1 25. Rb2 Bg6 26. Rb7 e5 27. Kf2 exd4
28. cxd4 Ra8 29. e4 Be8 30. Ke3 h5 31. f4 Kh7 32. Ne6 Kh6 33. Nxg7 Bg6 34. Ne6
h4 35. f5 Bh5 36. g3 Bd1 37. Nc5 hxg3 38. hxg3 Rg8 39. Kf2 Kg5 40. Rc7 Kg4 41.
Rxc6 Kh3 42. Rxf6 Rxg3 43. Rh6+ Kg4 44. Rg6+ Kf4 45. Rxg3 Bxa4 46. Nxa4 1-0

[Event "European Blitz 2022"]
[Site "Katowice POL"]
[Date "2022.12.16"]
[Round "4.39"]
[White "Ribeiro, Gustavo"]
[Black "Blohberger, Felix"]
[Result "0-1"]
[BlackTitle "GM"]
[WhiteElo "1836"]
[BlackElo "2490"]
[WhiteFideId "1941852"]
[BlackFideId "1632051"]
[EventDate "2022.12.16"]

1. d4 Nf6 2. c4 e6 3. a3 d5 4. Nc3 Nbd7 5. Nf3 c6 6. Bg5 h6 7. Bh4 dxc4 8. e4 g5
9. Bg3 b5 10. d5 Nc5 11. e5 Nxd5 12. Nd4 Qb6 13. Be2 Nxc3 14. bxc3 Bb7 15. Qc2
Bg7 16. O-O Nd7 17. Nxe6 Bxe5 18. Bxe5 Nxe5 19. Qe4 fxe6 20. Qxe5 O-O-O 21. Bg4
Qc7 22. Bxe6+ Kb8 23. Qc5 Rhe8 24. Rfe1 Qd6 25. Qf5 c5 26. Bf7 Rxe1+ 27. Rxe1
Qc6 28. f3 Qd6 29. Kf2 Qd2+ 30. Re2 Qxc3 31. Qxc5 Qd4+ 32. Qxd4 Rxd4 33. Be8 a6
34. Bg6 Rd6 35. Bc2 Kc7 36. Ke1 a5 37. Re5 Bd5 38. h3 Kb6 39. h4 gxh4 40. Rh5 b4
41. Rxh4 b3 42. Bb1 c3 0-1

[Event "European Blitz 2022"]
[Site "Katowice POL"]
[Date "2022.12.16"]
[Round "4.40"]
[White "Stefansson, Hannes"]
[Black "Hercog, Nusa"]
[Result "1-0"]
[WhiteTitle "GM"]
[BlackTitle "WFM"]
[WhiteElo "2526"]
[BlackElo "2057"]
[WhiteFideId "2300087"]
[BlackFideId "14614324"]
[EventDate "2022.12.16"]

1. e4 c6 2. d4 d5 3. e5 Bf5 4. h4 h5 5. Bd3 Bxd3 6. Qxd3 e6 7. Nf3 Nd7 8. Bg5
Qb6 9. Nbd2 Be7 10. O-O Bxg5 11. Nxg5 Ne7 12. c4 Nf5 13. Ndf3 g6 14. c5 Qc7 15.
b4 a6 16. a4 O-O 17. g3 Kg7 18. Kg2 Rfe8 19. Nh3 f6 20. Rfe1 Re7 21. Nf4 Rae8
22. exf6+ Nxf6 23. Ne5 g5 24. hxg5 Ne4 25. Nxh5+ Kf8 26. Ng6+ Kf7 27. Nxe7 Rxe7
28. Rxe4 dxe4 29. Qxe4 Qd7 30. Rd1 1-0

[Event "European Blitz 2022"]
[Site "Katowice POL"]
[Date "2022.12.16"]
[Round "4.41"]
[White "Seo, Jung Min"]
[Black "George, Matthew P"]
[Result "1-0"]
[WhiteTitle "IM"]
[WhiteElo "2502"]
[BlackElo "1999"]
[WhiteFideId "1734687"]
[BlackFideId "407763"]
[EventDate "2022.12.16"]

1. e4 c5 2. Nf3 d6 3. d4 cxd4 4. Nxd4 Nf6 5. Nc3 g6 6. Be3 a6 7. f3 h5 8. Qd2 e5
9. Nb3 Be6 10. O-O-O Nbd7 11. Kb1 Qc7 12. h3 Rc8 13. f4 b5 14. Bd3 Nb6 15. Qf2
Nc4 16. Bxc4 bxc4 17. Nd2 Be7 18. Nf3 Rb8 19. Ng5 Qa5 20. Ka1 Bd7 21. Nd5 Nxd5
22. Rxd5 Qb4 23. c3 Qa4 24. fxe5 Be6 25. Nxe6 fxe6 26. Rd2 dxe5 27. Qg3 Rg8 28.
Qxe5 Qc6 29. Qxb8+ 1-0

[Event "European Blitz 2022"]
[Site "Katowice POL"]
[Date "2022.12.16"]
[Round "4.42"]
[White "Drozdowski, Konrad"]
[Black "Szpar, Milosz"]
[Result "0-1"]
[BlackTitle "IM"]
[WhiteElo "2104"]
[BlackElo "2428"]
[WhiteFideId "1106279"]
[BlackFideId "1184989"]
[EventDate "2022.12.16"]

1. d4 Nf6 2. Bg5 c5 3. d5 Ne4 4. h4 h6 5. Bf4 e6 6. e3 Qb6 7. b3 Qa5+ 8. c3 d6
9. f3 Nf6 10. dxe6 Bxe6 11. Bxd6 Bxd6 12. Qxd6 Nc6 13. Ne2 Rd8 14. Qg3 O-O 15.
Nd2 Qa3 16. Rd1 Qxa2 17. Nc1 Qc2 18. Qf2 Qxc3 19. Bc4 Rfe8 20. O-O Nd5 21. Bxd5
Bxd5 22. e4 Be6 23. Nb1 Qb4 24. Na2 Qxb3 25. Nac3 Nd4 26. Qe3 a5 27. Nd2 Qb6 28.
Rb1 Qc6 29. Rfc1 b5 30. Ne2 Nxe2+ 31. Qxe2 c4 0-1

[Event "European Blitz 2022"]
[Site "Katowice POL"]
[Date "2022.12.16"]
[Round "4.43"]
[White "Abdrlauf, Elham"]
[Black "Bazilius, Augustinas"]
[Result "1-0"]
[WhiteTitle "IM"]
[WhiteElo "2518"]
[BlackElo "2118"]
[WhiteFideId "1533533"]
[BlackFideId "12832251"]
[EventDate "2022.12.16"]

1. e4 c5 2. Nf3 a6 3. c3 d5 4. exd5 Qxd5 5. d4 Nf6 6. Be2 cxd4 7. cxd4 e6 8. O-O
Nc6 9. Nc3 Qd8 10. Bg5 Be7 11. Qd2 h6 12. Bh4 O-O 13. Rad1 Nd5 14. Bg3 b5 15.
Rfe1 Bb7 16. Bd3 Nxc3 17. bxc3 b4 18. c4 b3 19. Bb1 bxa2 20. Qxa2 Nb4 21. Qe2 a5
22. d5 exd5 23. Qxe7 Qxe7 24. Rxe7 Bc6 25. cxd5 Bxd5 26. Be4 Bxe4 27. Rxe4 Rfe8
28. Rxe8+ Rxe8 29. Ra1 Ra8 30. Ra4 Nd3 31. h3 Nc5 32. Ra3 a4 33. Nd4 Ne4 34. Nb5
f5 35. Kh2 g5 36. f3 Ra5 37. fxe4 Rxb5 38. exf5 Rxf5 39. Rxa4 Kg7 40. Ra6 Kh7
41. Be1 Re5 42. Bc3 Re4 43. Ra7+ Kg6 44. g4 Re2+ 45. Kg1 Re3 46. Rg7# 1-0

[Event "European Blitz 2022"]
[Site "Katowice POL"]
[Date "2022.12.16"]
[Round "4.44"]
[White "Adamczewski, Maciej"]
[Black "Gavrilescu, David"]
[Result "0-1"]
[BlackTitle "IM"]
[WhiteElo "2071"]
[BlackElo "2522"]
[WhiteFideId "1148702"]
[BlackFideId "1227190"]
[EventDate "2022.12.16"]

1. d4 d5 2. c4 e6 3. Nc3 a6 4. cxd5 exd5 5. Bf4 Nf6 6. e3 c5 7. Nf3 c4 8. Be2 b5
9. O-O Bb7 10. a3 Be7 11. Qc2 O-O 12. Rae1 Nbd7 13. h3 Re8 14. Ne5 Ne4 15. f3
Nxc3 16. Qxc3 Nf8 17. Bd1 Bd6 18. Bh2 a5 19. e4 f6 20. Ng4 Bxh2+ 21. Kxh2 dxe4
22. fxe4 Bxe4 23. d5 Qd6+ 24. g3 Bxd5 25. Rxe8 Rxe8 26. Rxf6 gxf6 27. Nxf6+ Kf7
28. Bh5+ Ng6 29. Nxe8 Kxe8 30. Qh8+ Ke7 31. Qxh7+ Bf7 32. Qh6 Qf6 33. Qd2 Ne5
34. Bd1 Nd3 35. Qxa5 Qf2+ 0-1

[Event "European Blitz 2022"]
[Site "Katowice POL"]
[Date "2022.12.16"]
[Round "4.45"]
[White "Dwilewicz, Katarzyna"]
[Black "Kozak, Antoni"]
[Result "0-1"]
[WhiteTitle "WFM"]
[WhiteElo "2123"]
[BlackElo "2422"]
[WhiteFideId "1148486"]
[BlackFideId "21832030"]
[EventDate "2022.12.16"]

1. e4 c5 2. Nf3 d6 3. d4 cxd4 4. Nxd4 Nf6 5. Nc3 a6 6. h4 Nc6 7. Be3 Ng4 8. Nxc6
bxc6 9. Bc1 Qb6 10. Qf3 Rb8 11. b3 e5 12. Bb2 Be7 13. Bc4 O-O 14. h5 Bg5 15. Rd1
Be7 16. Be2 Kh8 17. Qg3 Nh6 18. Bc1 f5 19. Bxh6 gxh6 20. exf5 Bxf5 21. Bd3 Qb4
22. Bxf5 Rxf5 23. O-O Rg8 24. Qd3 Qg4 25. g3 Rf3 26. Qe4 Rxg3+ 27. fxg3 Qxg3+
28. Kh1 Qh3# 0-1

[Event "European Blitz 2022"]
[Site "Katowice POL"]
[Date "2022.12.16"]
[Round "4.46"]
[White "Samunenkov, Ihor"]
[Black "Delgerdalai, Bayarjavkhlan"]
[Result "1-0"]
[WhiteTitle "IM"]
[WhiteElo "2488"]
[BlackElo "2100"]
[WhiteFideId "14187086"]
[BlackFideId "23727276"]
[EventDate "2022.12.16"]

1. d4 d5 2. c4 e6 3. Nf3 a6 4. cxd5 exd5 5. Nc3 Nf6 6. Bg5 Be6 7. e3 c6 8. Bd3
Bd6 9. O-O Nbd7 10. Bf4 Qc7 11. Bxd6 Qxd6 12. h3 h6 13. Qc2 g5 14. e4 dxe4 15.
Nxe4 Nxe4 16. Bxe4 O-O-O 17. b4 Rhg8 18. a4 Bd5 19. b5 g4 20. hxg4 Rxg4 21. Bxd5
Qxd5 22. Ra3 Rdg8 23. g3 Qd6 24. Rc3 axb5 25. axb5 Nf6 26. bxc6 Ne4 27. cxb7+
Kb8 28. Rc8+ Ka7 29. b8=Q+ 1-0

[Event "European Blitz 2022"]
[Site "Katowice POL"]
[Date "2022.12.16"]
[Round "4.47"]
[White "Mayrhuber, Nikola"]
[Black "Nasuta, Grzegorz"]
[Result "0-1"]
[WhiteTitle "WFM"]
[BlackTitle "GM"]
[WhiteElo "2106"]
[BlackElo "2546"]
[WhiteFideId "1637819"]
[BlackFideId "1141686"]
[EventDate "2022.12.16"]

1. d4 d5 2. c4 e6 3. Nc3 c6 4. Nf3 dxc4 5. g3 b5 6. Bg2 Bb7 7. O-O Nf6 8. Ne5
Nbd7 9. Nxc6 Qb6 10. Ne5 Bxg2 11. Kxg2 Be7 12. a4 b4 13. Nxd7 Nxd7 14. Ne4 Qc6
15. f3 O-O 16. a5 Rac8 17. Qa4 Qd5 18. Be3 Rfd8 19. Rfc1 a6 20. Bf2 Rc7 21. Nd2
Rdc8 22. e4 Qb7 23. e5 Bg5 24. Rc2 b3 25. Nxb3 Qxb3 26. Qxb3 cxb3 27. Rxc7 Rxc7
28. f4 Be7 29. Rd1 Rc2 0-1

[Event "European Blitz 2022"]
[Site "Katowice POL"]
[Date "2022.12.16"]
[Round "4.48"]
[White "Krzyzanowski, Marcin"]
[Black "Rekuc, Patryk"]
[Result "1-0"]
[WhiteTitle "GM"]
[WhiteElo "2538"]
[BlackElo "1755"]
[WhiteFideId "1132199"]
[BlackFideId "21898197"]
[EventDate "2022.12.16"]

1. Nf3 Nf6 2. g3 g6 3. d4 Bg7 4. Bg2 O-O 5. O-O c5 6. c4 d6 7. dxc5 dxc5 8. Ne5
Nfd7 9. Nd3 Nc6 10. Nc3 Nce5 11. Nxe5 Nxe5 12. Qb3 Qb6 13. Nd5 Qxb3 14. axb3 Nc6
15. e3 Bf5 16. Nc3 Bc2 17. Ra3 Rfd8 18. Na4 e6 19. Nxc5 Bf8 20. Nxb7 Rdc8 21. c5
Rab8 22. Nd6 Rd8 23. Bxc6 Bxd6 24. cxd6 Rxd6 25. Bf3 Bxb3 26. Rxa7 1-0

[Event "European Blitz 2022"]
[Site "Katowice POL"]
[Date "2022.12.16"]
[Round "4.49"]
[White "Gaehwiler, Gabriel"]
[Black "Zamekhovskiy, Yevgen"]
[Result "0-1"]
[WhiteTitle "IM"]
[WhiteElo "2408"]
[BlackElo "2095"]
[WhiteFideId "1314530"]
[BlackFideId "14174413"]
[EventDate "2022.12.16"]

1. d4 Nf6 2. c4 g6 3. Nf3 Bg7 4. g3 O-O 5. Bg2 d6 6. b3 Nc6 7. Bb2 a6 8. d5 Na5
9. Bc3 c5 10. dxc6 Nxc6 11. O-O Rb8 12. Nbd2 b5 13. Rc1 b4 14. Ba1 Qa5 15. Nd4
Nxd4 16. Bxd4 Bb7 17. Bxb7 Rxb7 18. Bxf6 Bxf6 19. Ne4 Bg7 20. Rc2 Rc7 21. Qd3
Rfc8 22. Rd1 h6 23. Qd5 Qxd5 24. Rxd5 f5 25. Nd2 Rc5 26. e4 fxe4 27. Rxc5 dxc5
28. Nxe4 Bd4 29. Re2 Kf7 30. Kg2 Rd8 31. Rd2 Rc8 32. Re2 Rd8 33. Kf3 e5 34. Kg2
g5 35. h3 Kg6 36. g4 a5 37. Ng3 a4 38. Nf5 Bc3 39. Ne7+ Kf7 40. Nc6 Re8 41. bxa4
Ke6 42. a5 Ra8 43. Kf3 Kd6 44. Nxe5 Bxe5 45. Ke4 Rxa5 46. Kf5 Bd4 47. Re6+ Kd7
48. Rxh6 Rxa2 49. Rb6 Rxf2+ 50. Kxg5 Rf3 51. h4 b3 52. h5 b2 53. h6 Kc7 54. Rb5
Rh3 55. Kg6 Rh1 56. g5 b1=Q+ 57. Rxb1 Rxb1 58. Kf7 Rh1 0-1

[Event "European Blitz 2022"]
[Site "Katowice POL"]
[Date "2022.12.16"]
[Round "4.50"]
[White "Budzisz, Adrian"]
[Black "Licznerski, Lukasz"]
[Result "0-1"]
[BlackTitle "IM"]
[WhiteElo "2118"]
[BlackElo "2441"]
[WhiteFideId "21860238"]
[BlackFideId "1179250"]
[EventDate "2022.12.16"]

1. Nf3 Nf6 2. d4 g6 3. c4 Bg7 4. Nc3 d5 5. cxd5 Nxd5 6. g3 c5 7. Bg2 Nc6 8. Qa4
Nb6 9. Qb5 cxd4 10. Ne4 O-O 11. O-O a6 12. Qb3 Be6 13. Qd1 Bd5 14. Nc5 Rb8 15.
a4 Qd6 16. Nd3 e5 17. b4 e4 18. Bf4 Qe7 19. Bxb8 exf3 20. exf3 Rxb8 21. b5 axb5
22. axb5 Nb4 23. Re1 Qd6 24. Bf1 Nxd3 25. Bxd3 Bc4 26. Ra7 Qc5 27. Qc2 Qxb5 28.
Bxc4 Qxc4 29. Qe4 Qc6 30. Rb1 Nd5 31. Kf1 Re8 32. Qd3 b6 33. Ra6 Qe6 34. Kg2 h5
35. h4 Qe2 36. Qxe2 Rxe2 37. Ra8+ Bf8 38. Rd8 Ne3+ 39. Kg1 Nf5 40. g4 Nxh4 41.
Kf1 Re6 42. gxh5 Nxf3 43. Kg2 Nh4+ 44. Kh3 Nf5 45. hxg6 fxg6 46. Kg4 Kf7 47. Rb8
Bc5 48. Rd8 Rd6 49. Rxd6 Nxd6 50. Kf4 Ke6 51. Kg5 Ne4+ 52. Kxg6 Nxf2 0-1

[Event "European Blitz 2022"]
[Site "Katowice POL"]
[Date "2022.12.16"]
[Round "4.51"]
[White "Costachi, Mihnea"]
[Black "Grineva, Marianna"]
[Result "1-0"]
[WhiteTitle "IM"]
[BlackTitle "WFM"]
[WhiteElo "2476"]
[BlackElo "2020"]
[WhiteFideId "1217518"]
[BlackFideId "14102013"]
[EventDate "2022.12.16"]

1. d4 Nf6 2. c4 g6 3. Nc3 Bg7 4. e4 d6 5. Be2 Nbd7 6. Bg5 h6 7. Be3 e5 8. d5 b6
9. Qd2 Nc5 10. f3 a5 11. g4 Bd7 12. h4 Qe7 13. Nh3 O-O-O 14. Nf2 h5 15. O-O-O
hxg4 16. fxg4 Ne8 17. g5 f6 18. gxf6 Bxf6 19. Bg5 Ng7 20. Nd3 Nxd3+ 21. Bxd3 Nh5
22. Ne2 Rdf8 23. Rdg1 Rhg8 24. Qe3 Bxg5 25. Qxg5 Qxg5+ 26. Rxg5 Rf3 27. Kd2 Nf4
28. Nxf4 Rxf4 29. h5 Rg4 30. Rg1 Rxg1 31. Rxg1 g5 32. Be2 Kd8 33. h6 Ke7 34.
Rxg5 Rh8 35. Rg7+ Kd8 36. h7 Be8 37. Bh5 Bxh5 38. Rg8+ Ke7 39. Rxh8 1-0

[Event "European Blitz 2022"]
[Site "Katowice POL"]
[Date "2022.12.16"]
[Round "4.52"]
[White "Morkunas, Gustas"]
[Black "Peyrer, Konstantin"]
[Result "0-1"]
[WhiteTitle "FM"]
[BlackTitle "FM"]
[WhiteElo "2110"]
[BlackElo "2380"]
[WhiteFideId "12831026"]
[BlackFideId "1640879"]
[EventDate "2022.12.16"]

1. e4 e5 2. Nf3 Nc6 3. Bb5 Nf6 4. d3 Bc5 5. c3 d6 6. O-O O-O 7. h3 h6 8. Re1 Bb6
9. Nbd2 Ne7 10. Nf1 c6 11. Ba4 Ng6 12. d4 Re8 13. Ng3 Bd7 14. Bc2 Qc7 15. Be3
Rad8 16. dxe5 dxe5 17. Qe2 Nf4 18. Bxf4 exf4 19. Nf1 Be6 20. N1d2 a5 21. a4 Bc5
22. Nc4 Nh5 23. Nd4 Bxd4 24. cxd4 Rxd4 25. Qxh5 Bxc4 26. Rad1 Re5 27. Qf3 Rxd1
28. Rxd1 Re8 29. Qc3 Be6 30. b3 Rd8 31. Re1 Qb6 32. Qf3 Qb4 33. Rd1 Rd2 34. Rxd2
Qxd2 35. Qd1 Qxd1+ 36. Bxd1 Kf8 37. Kf1 Ke7 38. Ke2 Kd6 39. Kd3 Kc5 40. Kc3 f6
41. f3 b5 42. Bc2 b4+ 43. Kd3 Bc8 44. Kd2 Kd4 45. Bd3 Be6 46. Bc2 c5 47. Bd1 c4
48. bxc4 Bxc4 49. Kc2 Bf1 50. Kd2 g5 0-1

[Event "European Blitz 2022"]
[Site "Katowice POL"]
[Date "2022.12.16"]
[Round "4.53"]
[White "Wieczorek, Oskar"]
[Black "Niezhentsev, Kyrylo"]
[Result "1-0"]
[WhiteTitle "GM"]
[WhiteElo "2504"]
[BlackElo "2052"]
[WhiteFideId "1133950"]
[BlackFideId "34126660"]
[EventDate "2022.12.16"]

1. e4 c5 2. Nf3 d6 3. d4 Nf6 4. Nc3 cxd4 5. Nxd4 a6 6. Be2 e5 7. Nf3 Be7 8. O-O
O-O 9. Bg5 Be6 10. Bxf6 Bxf6 11. Nd5 Nd7 12. Bc4 Nb6 13. Nxf6+ Qxf6 14. Bxe6
Qxe6 15. b3 Nd7 16. Qe2 Nf6 17. a4 Nh5 18. g3 f5 19. Rad1 Rad8 20. Nh4 Qh6 21.
Nxf5 Qg5 22. h4 Nf4 23. Qc4+ d5 24. hxg5 dxc4 25. gxf4 cxb3 26. cxb3 exf4 27.
Kg2 Rc8 28. Ne7+ 1-0